000 00555nam a2200169 a 4500
001 000024843
005 20200930023413.0
008 110204s1974 cauac r 000 0 spa d
040 _aDO-SdBNP
_bspa
_cBNPHU
082 _bE56
245 0 1 _aEn vos confío /
_crevisado por Sri Ramatherio ; edición privada y limitada.
260 _aSan José, California :
_bGran Logia Suprema de Amorc,
_c[1974].
300 _a170 p. :
_bil., retrs. ;
_c20 cm.
490 1 _aBiblioteca Rosacruz
700 1 _aRamatherio, Sri.
_950991
830 0 _aBiblioteca Rosacruz
_940635
999 _c24336
_d24336